Регионална библиотека "Любен Каравелов" - Русе

Лъв (Запис номер 4398)

MARC детайли
000 -Лидер
Контролно поле с фиксирана дължина 01260nam a2200313 c 4500
003 - Код на организацията, давaща контролен номер
Контролно поле BLK
005 - Дата и час на последна редакция
Контролно поле 20220214160824.0
008 - Елементи от данни с фиксирана дължина
fixed length control field 180412b bul|||||r ||||||| ||bul||
010 ## - Наследен системен номер
LC control number KNG00005536000
040 ## - Източник на каталожния запис
Идентификатор на билиотеката - собственик на записа BLK
041 ## - Код за език
Код за езика на текст/звукозапис или на отделно заглавие Английски
Код за езика КДБФ Български
080 ## - УДК
Текстов определител УДК Астрология
УДК код - определител по УДК 133.52
УДК - код + определител 133.52
100 1# - Редна дума - Автор
Автор Лютин, Майкъл
Авторска отговорност първи автор
R(LIN) 363687
139 ## - Редно поле
Редна дума Лютън, Майкъл
Авторски знак Лют - Л 96
245 10 - Сведения за заглавието
Заглавие Лъв
Подзаглавни данни Пълен хороскоп [за] 1995 г. : 21 юли - 21 авг.
Редно поле (дума) Майкъл Лютин; прев. от англ. Д. Найденова.
257 ## - Страна на издаване
Страна на създаване/издаване Съединени американски щати
260 ## - Област на издателските данни
Име на издателя, разпространителя и проч. Зодиак ВН
Година на издаване 1994
300 ## - Физическа характеристика
Страници 246 с.
Размери/Мащаб 18 см
380 ## - Жанр
Жанр Философия
500 ## - Общи забележки
Забележка Ориг. загл. 1995 total horoscope : Leo /Michael Lutin Авт. отбелязан на с. 12 Други прев.: Н. Акимов, Г. Чернев, Л. Кръстева, З. Михайлова, М. Нешева. - 10 000 тир.
650 #4 - Допълнително описание по предмет – тема
Основно описание – тема или топоним Астрология
9 (RLIN) 147757
700 1# - Други автори (авторска отговорност)
Лично име Найденова, Д.
Автороска отговорност (Описва отношението между автора и произведението) прев. от англ.
9 (RLIN) 241755
852 ## - Местоположение
Форматна сигнатура Цб І 27434
856 4# - Електронен адрес и достъп
Електронен формат pdf - файл
Път до файла /url/
856 4# - Електронен адрес и достъп
Електронен формат pdf - файл
Път до файла /url/
999 ## - СИСТЕМНИ КОНТРОЛНИ НОМЕРА
Koha biblionumber 4398
Koha biblioitemnumber 4398
942 ## - АРТИКУЛИ
Вид на библиотечния материал Книги
Скрит в OPAC Не
Периодичен библиозапис Да
944 ## - СЪЗДАВАНЕ И РЕДАКЦИЯ на ЗАПИСА
Създаване/Редакция Създаване
Дата на регистрацията/редакция 15.01.2003
Служител, извършил регистрацията/редакцията AB_DOS
944 ## - СЪЗДАВАНЕ И РЕДАКЦИЯ на ЗАПИСА
Създаване/Редакция Редакция
Дата на регистрацията/редакция 12.01.2017
Служител, извършил регистрацията/редакцията Сечил_Томаш
999 ## - СИСТЕМНИ КОНТРОЛНИ НОМЕРА
Koha biblioitemnumber 4398
999 ## - СИСТЕМНИ КОНТРОЛНИ НОМЕРА
Koha biblioitemnumber 4398
Наличности
Код за отписване Код за изгубен артикул Източник на класификационната схема Код за повреда Коз за рестрикции Код за отдаване Артикулен № Име на библиотеката - собственик Име на библиотеката, в която се намира в момента Статус (Текущо местоположение) Дата на вписване в системата Местоположение - отдел Цена в лева Инвентарен номер Систематично азбучна сигнатура Баркод Номер на екземпляра Цена в евро Служебен тип на артикула
  Не е изгубен Universal Decimal Classification Не е повреден само за читалня ползва се в читалня 7812 Регионална библиотека "Любен Каравелов" Русе Регионална библиотека "Любен Каравелов" Русе Хранилище 2001-01-01 Хранилище 0.54 608988 Цб I 27434 120000608988 1 0.28 Книги
Vip Innovations Ltd, Rousse, Bulgaria 2025